000 00492nam a2200169 i 4500
001 145905
003 ES-MaACL
005 20230906201343.0
007 t|
008 071017s1970 sp ||||1| spa d
100 1 _aVega, José Ramón.
_9113559
245 1 0 _aNada nuevo /
_cpor José Ramón Vega y Pedro Gelabert.
260 _aMadrid :
_bLiteratura Bíblica,
_c[1970]
300 _a120 p. ;
_c18 cm.
700 1 _aGelabert Garrido, Pedro.
_956240
852 _aES-MaACL
_jC-51094
_bR.75328
999 _c145905
_d145905